000 00433nam a2200181Ia 4500
001 20736
003 IN-NITTTR
005 20251114233237.0
008 251113s9999||||xx |||||||||||||| ||eng||
040 _beng
040 _cIN-NITTTR
041 _aeng
082 _a343.54052G237I
100 _aGaur, V. P.
245 0 _aIncome tax law and practice /
_cGaur, V. P., Narang, D. B.
700 _a Narang, D. B.
942 _2ddc
_cBK
999 _c23366
_d23366